书目信息 |
| 题名: |
电气控制与PLC应用技术
|
|
| 作者: | 刘长青 编著 | |
| 分册: | ||
| 出版信息: | 北京 科学出版社 2012.04 |
|
| 页数: | 10,312页 | |
| 开本: | 24cm | |
| 丛书名: | ||
| 单 册: | ||
| 中图分类: | TM571.2 , TM571.6 | |
| 科图分类: | ||
| 主题词: | 电气控制--高等教育--教材 , PLC技术--高等教育--教材 , 电气控制 , PLC技术 | |
| 电子资源: | ||
| ISBN: | 978-7-03-033554-8 | |
| 000 | 00927nam0 2200289 45 | |
| 001 | 1355393202 | |
| 005 | 20130513151104.76 | |
| 010 | @a978-7-03-033554-8@dCNY42.00 | |
| 100 | @a20130108d2012 em y0chiy0110 ea | |
| 101 | 0 | @achi |
| 102 | @aCN@b110000 | |
| 105 | @aa z 000yy | |
| 106 | @ar | |
| 200 | 1 | @a电气控制与PLC应用技术@ADian Qi Kong Zhi Yu PLC Ying Yong Ji Shu@f刘长青编著@FLiu Chang Qing Bian Zhu |
| 210 | @a北京@c科学出版社@d2012.04 | |
| 215 | @a10,312页@c图@d24cm | |
| 300 | @a实用技术 普通高等教育“十二五”规划教材 | |
| 330 | @a本书内容包括三个方面:传统电气控制部分、PLC控制部分和控制系统设计部分。 | |
| 606 | 0 | @a电气控制@x高等教育@j教材 |
| 606 | 0 | @aPLC技术@x高等教育@j教材 |
| 606 | 0 | @a电气控制 |
| 606 | 0 | @aPLC技术 |
| 690 | @aTM571.2@v5 | |
| 690 | @aTM571.6@v5 | |
| 701 | 0 | @a刘长青@ALiu Chang Qing@c(机电)@4编著 |
| 801 | @aCN@bTANGWEI@c20130109 | |
| 905 | @b0830920-22@dTM571.2@e30@f3 | |
| 电气控制与PLC应用技术/刘长青编著.-北京:科学出版社,2012.04 |
| 10,312页:图;24cm |
| 实用技术 普通高等教育“十二五”规划教材 |
| ISBN 978-7-03-033554-8:CNY42.00 |
| 本书内容包括三个方面:传统电气控制部分、PLC控制部分和控制系统设计部分。 |
| ● |
| 相关链接 |
|
|
|
|
正题名:电气控制与PLC应用技术
索取号:TM571.2/30
 
预约/预借
| 序号 | 登录号 | 条形码 | 馆藏地/架位号 | 状态 | 备注 |
| 1 | 0830920 | 208309203 | 第二样本阅览室/ [索取号:TM571.2/30] | 在馆 | |
| 2 | 0830921 | 208309212 | 第三借阅区/ [索取号:TM571.2/30] | 在馆 | |
| 3 | 0830922 | 208309221 | 第三借阅区/ [索取号:TM571.2/30] | 在馆 |